|
|
|
|
| LEADER |
00000nam a22000007a 4500 |
| 005 |
20160520102934.0 |
| 007 |
cr|||| ||u| |
| 008 |
160520s2010 bl ||||| |||| 00||0 por d |
| 020 |
|
|
|a 978-85-89919-77-7
|
| 035 |
|
|
|a 14230
|
| 040 |
|
|
|a vLex
|
| 090 |
|
|
|c 6109
|d 6109
|
| 100 |
1 |
|
|a Pimenta Batista Pereira, Alexandre
|
| 245 |
1 |
0 |
|a Negc̤io jurd̕ico inoficioso
|h [Recurso electrn̤ico] /
|c Alexandre Pimenta Batista Pereira
|
| 256 |
|
|
|a Servicio en ln̕ea
|
| 260 |
|
|
|a Brasil
|b Pilalres
|c 2010
|
| 300 |
|
|
|a 1 recurso electrn̤ico
|
| 500 |
|
|
|a Negc̤io Jurd̕ico Inoficioso representa uma tentativa de sistematizaȯ̂ de incidn̊cias tp̤icas, no ḿbito do Direito Civil, de manifestaė̳s do excesso nos negc̤ios jurd̕icos; a expressô oferece instigante anl̀ise para criaȯ̂ de uma nova categoria negocial, capaz de servir de separaȯ̂ a outros casos indicativos de desproporė̳s, como, por exemplo, o abuso do direito, a lesô, o estado de perigo. O estudo est ̀centrado ̉luz da teoria da reduȯ̂ do negc̤io jurd̕ico e fundamentado no ethos da igualdade, a justificar o procedimento de decote ̉contrataȯ̂ em sobejo. A presente obra, com apliaė̳s e revise̳s, resulta da dissertaȯ̂ de mestrado defendida na Faculdade de Direito da UFMG; visa a preencher lacuna na literatura jurd̕ica brasileira, sendo recomendada aos estudiosos do direito em nv̕el de graduaȯ̂ e ps̤-graduaȯ̂, principalmente na r̀ea do Direito Civil.
|
| 506 |
1 |
|
|a Contenido solo disponible en los productos indicados
|d vLex Global
|d vLex Global (Academic Edition, excluding Law Schools)
|d vLex Global (U.S. Academic Edition, Law Schools)
|d vLex Global (U.S. Academic Edition, excluding Law Schools)
|d vLex Global (Academic Edition, Law Schools)
|
| 650 |
0 |
4 |
|a Derecho
|z Brasil
|
| 740 |
0 |
|
|a vLex libros (servicio en ln̕ea)
|
| 856 |
4 |
0 |
|u http://vlex.com/source/negocio-juridico-inoficioso-14230
|z Acceso restringido
|
| 942 |
|
|
|c BOOK
|
| 999 |
0 |
|
|a Law
|b Brasil
|